Suplemento de La Verdad: las elecciones en Chile y sus repercusiones
Guardado en:
| 企業作者: | |
|---|---|
| 格式: | Texto |
| 出版: |
San Salvador:
El périódico
|
| 標簽: |
添加標簽
沒有標簽, 成為第一個標記此記錄!
|
MARC
| LEADER | 00000 a a2200000 04500 | ||
|---|---|---|---|
| 001 | 16584 | ||
| 003 | |||
| 040 | |||
| 090 | |a EXTRAVIADO | ||
| 110 | |a Periódico La Verdad | ||
| 245 | |a Suplemento de La Verdad: las elecciones en Chile y sus repercusiones | ||
| 260 | |a San Salvador: |b El périódico | ||
| 300 | |a 14 p. | ||
| 999 | |c 14061 |d 14061 | ||
